00413nam a2200097 a 4500008004100000050001900041100001900060245014700079260008000226350000900306100317s2008 ||||||||||||||||| || u aTHESIS/STUDENT aMwamba, Bertha10aTo compare the performance of LIX984 and ACORGA OPT5510 at Nkana Mopani Copper Mine site on a pilot plant scalecSupervised by Dr. F. Chileshe aKitwebCopperbelt University, School of Technology, Mining Departmentc2008 a0.00